00372pab a2200145 454500008004000000100001600040245004900056260000900105300001300114362001000127650002900137650002100166700001900187773002000206180718b2010 xxu||||| |||| 00| 0 eng d aBatra, Renu aDevelopment of central universities in India c2010 ap.81-85. a8 Nov aHigher education - India aHigher education aAhmad, Shakeel aUniversity News